000 00341 a2200169 4500
001 177665
020 _a978-85-20-00090-8
040 _cMagnum
100 _aBelinky,tatiana
240 1 0 _aDiversidade
_lpor
245 1 0 _aDiversidade
300 _a36
362 0 _a2015
440 1 _aFTD
697 _aLITERATURA INFANTIL
942 _cBK
999 _c177665
_d177665